Les prénoms-villes dans la Casa de Papel - Statistiques

Statistiques générales
  • Ce quiz a été pris 1 141 fois
    1 101 depuis la dernière actualisation
  • Le résultat moyen est 11 sur 18
Statistiques - réponses
Réponse % Correct
Tokyo
98%
Berlin
93%
Rio
90%
Nairobi
87%
Helsinki
85%
Oslo
84%
Denver
83%
Moscou
77%
Lisbonne
74%
Marseille
74%
Stockholm
68%
Palerme
59%
Bogota
57%
Manille
47%
Pampelune
30%
Cincinnati
14%
Sofia
10%
Logroño
3%
Aucun quiz correspondant
Distribution des résultats
% des personnes avec chaque résultat
Percentile par nombre de réponses
Votre historique - résultats
Vous n’avez pas pris ce quiz depuis la dernière actualisation